images (140×140)   Dow University of Health Sciences Library Catalogue

Welcome to Dow University of Health Sciences Library Online Public Access Catalog

Accounting: The Basis For Business Decision (Record no. 15917)

MARC details
000 -LEADER
fixed length control field 00389nam a2200157Ia 4500
008 - FIXED-LENGTH DATA ELEMENTS--GENERAL INFORMATION
fixed length control field 241014s9999||||xx |||||||||||||| ||und||
020 ## - INTERNATIONAL STANDARD BOOK NUMBER
International Standard Book Number 012545601024
060 ## - NATIONAL LIBRARY OF MEDICINE CALL NUMBER
Classification number HF 562 M
100 ## - MAIN ENTRY--PERSONAL NAME
Personal name Meigs, Robert F.
245 #0 - TITLE STATEMENT
Title Accounting: The Basis For Business Decision
250 ## - EDITION STATEMENT
Edition statement 9th Edition
260 ## - PUBLICATION, DISTRIBUTION, ETC.
Name of publisher, distributor, etc. MC Graw- Hill
300 ## - PHYSICAL DESCRIPTION
Extent 1223
650 ## - SUBJECT ADDED ENTRY--TOPICAL TERM
Topical term or geographic name entry element Accounting
942 ## - ADDED ENTRY ELEMENTS (KOHA)
-- IBHM
Koha item type Books

No items available.




©2026, All rights reserved. Dow University of Health Sciences, Karachi, Pakistan.